<?xml version="1.0" encoding="UTF-8"?><?xml-stylesheet type="text/xsl" href="static/style.xsl"?><OAI-PMH xmlns="http://www.openarchives.org/OAI/2.0/" xmlns:xsi="http://www.w3.org/2001/XMLSchema-instance" xsi:schemaLocation="http://www.openarchives.org/OAI/2.0/ http://www.openarchives.org/OAI/2.0/OAI-PMH.xsd"><responseDate>2026-06-03T08:58:01Z</responseDate><request verb="GetRecord" identifier="oai:riuma.uma.es:10630/8287" metadataPrefix="marc">https://riuma.uma.es/rest/oai/request</request><GetRecord><record><header><identifier>oai:riuma.uma.es:10630/8287</identifier><datestamp>2026-02-03T12:25:08Z</datestamp><setSpec>com_10630_2254</setSpec><setSpec>col_10630_37959</setSpec></header><metadata><record xmlns="http://www.loc.gov/MARC21/slim" xmlns:dcterms="http://purl.org/dc/terms/" xmlns:doc="http://www.lyncode.com/xoai" xmlns:xsi="http://www.w3.org/2001/XMLSchema-instance" xsi:schemaLocation="http://www.loc.gov/MARC21/slim http://www.loc.gov/standards/marcxml/schema/MARC21slim.xsd">
   <leader>00925njm 22002777a 4500</leader>
   <datafield ind2=" " ind1=" " tag="042">
      <subfield code="a">dc</subfield>
   </datafield>
   <datafield ind2=" " ind1=" " tag="720">
      <subfield code="a">Muñoz, María</subfield>
      <subfield code="e">author</subfield>
   </datafield>
   <datafield ind2=" " ind1=" " tag="720">
      <subfield code="a">Reul, Andreas</subfield>
      <subfield code="e">author</subfield>
   </datafield>
   <datafield ind2=" " ind1=" " tag="720">
      <subfield code="a">Bautista-Bueno, Begoña</subfield>
      <subfield code="e">author</subfield>
   </datafield>
   <datafield ind2=" " ind1=" " tag="720">
      <subfield code="a">Blanco-Martín, José María</subfield>
      <subfield code="e">author</subfield>
   </datafield>
   <datafield ind2=" " ind1=" " tag="720">
      <subfield code="a">Rodríguez, Jaime</subfield>
      <subfield code="e">author</subfield>
   </datafield>
   <datafield ind2=" " ind1=" " tag="720">
      <subfield code="a">Fernandes, José Antonio</subfield>
      <subfield code="e">author</subfield>
   </datafield>
   <datafield ind2=" " ind1=" " tag="720">
      <subfield code="a">León, Pablo Ignacio</subfield>
      <subfield code="e">author</subfield>
   </datafield>
   <datafield ind2=" " ind1=" " tag="720">
      <subfield code="a">Rodríguez Martínez, Valeriano</subfield>
      <subfield code="e">author</subfield>
   </datafield>
   <datafield ind2=" " ind1=" " tag="260">
      <subfield code="c">2014-10-22</subfield>
   </datafield>
   <datafield ind2=" " ind1=" " tag="520">
      <subfield code="a">The Alborán Sea is the transition region between the Atlantic Ocean and the Mediterranean Sea. Its main circulation pattern is well known as its hydrological eastern boundary is the Almeria-Oran front. It has been the subject of several macroscale oceanographic studies. However, little is known about the mesoscale circulation&#xd;
pattern and the associated distribution of zooplankton, particularly where the Almeria-Oran front approaches the coast, around Cape of Gata. This area is comprised of prominent canyons and seamounts that interact with the front, coastal currents, and eddies, which generate turbulence that might fertilise the water column. In the&#xd;
framework of the CETI (Spanish national project: CTM2008-05695-C02-02), a multidisciplinary mesoscale sampling program with special emphasis on the zooplankton is being carried out around the Cape of Gata. Four LHPR net hauls (12 layers between 0-400 depth metres) were taken along the main submarine canyon (La Garrucha) with the aim of analyzing the spatial structure and nictemeral changes of the zooplankton community. Additionally, a selected set of samples from the deep chlorophyll maximum are being analyzed using&#xd;
a set of methods including optical microscopy and novel image analysis systems (ZooImage and FlowCAM) for comparison. Preliminary results show qualitative and quantitative differences between the zooplankton community at daytime and nightime as well as at the head (close to the coast) and the mouth (2000m) of the canyon. The results are discussed in the context of the main circulation patterns found at mesoscale.</subfield>
   </datafield>
   <datafield ind1="8" ind2=" " tag="024">
      <subfield code="a">http://hdl.handle.net/10630/8287</subfield>
   </datafield>
   <datafield tag="653" ind2=" " ind1=" ">
      <subfield code="a">Zooplancton marino</subfield>
   </datafield>
   <datafield ind2="0" ind1="0" tag="245">
      <subfield code="a">Spatial structure and diel changes of the zooplankton community along the Garrucha canyon (SW-Spain) as derived from dissecting microscope, ZooImage, and FlowCAM analysis</subfield>
   </datafield>
</record>
</metadata></record></GetRecord></OAI-PMH>